000 00605nam a22002297a 4500
003 UA-OsUOA
001 97059
007 ta
008 20130326b un ||||| |||| 00| 0 ukr d
100 _aНовиков М.
090 _a821.161.1
_bН73
942 _cBK
040 _aUA-OsUOA
_brus
_cUA-OsUOA
_dUA-OsUOA
245 _aСудьба женщины
_bроман
300 _a207 с.
955 _a3
041 _arus
080 _a821.161.1
260 _aК.
_bРад.письменник
_c1988
650 7 _a82 Література. Літературознавство
_2UDC
999 _c383308
_d383308